di Topical Term

Records bibliografici associati: 1

001 - CONTROL NUMBER

  • control field: 36364

003 - CONTROL NUMBER IDENTIFIER

  • control field: IT-RoPau

005 - DATE AND TIME OF LATEST TRANSACTION

  • control field: 20151025210159.0

008 - FIXED-LENGTH DATA ELEMENTS

  • fixed length control field: 151025|| aca||aabn | a|a d

040 ## - CATALOGING SOURCE

  • Original cataloging agency: IT-RoPau
  • Transcribing agency: IT-RoPau

150 ## - HEADING--TOPICAL TERM

  • Topical term or geographic name entry element:
  • : Codice materia Spics: 6956

670 ## - SOURCE DATA FOUND

  • Source citation: Work cat.: (IT-RoPau)38226: Aversa Maria Luisa 36361, Pubblico e la "Grande bouffe" televisiva (Il): un'analisi dei dati auditel
CREDITS: SOCIETA' SAN PAOLO Via A.Severo, 58 - ROMA (RM) & PERIODICI SAN PAOLO SRL Via Giotto, 36 MILANO & CISF Via Giotto, 36 MILANO & EDIZIONI SAN PAOLO SRL,  Piazza Soncino, 5 CINISELLO BALSAMO (MI) -- ITALY